000 00925nam a2200265Ia 4500
003 OSt
005 20220923211151.0
006 a|||||r|||| 00| 0
007 ta
008 Pun
020 _a8187654104 (hbk)
_c240
024 _a319,554
037 _b775, 27/02/2017, H.K. Prakashan
_cTextual
040 _aARTS
_cARTS
_bPun
041 _2Pun
_aPun
082 _aO153:g, Q6
100 _aਰਵਿੰਦਰ ਸਿੰਘ, ਂਚ.
_9159018
245 0 _aਸਮਕਾਲੀ ਗਿਆਨ ਚਿੰਤਨ ਅਤੇ ਪੰਜਾਬੀ ਸਮੀਖਿਆ
260 _aਦਿੱਲੀ
_b ਮਨਪ੍ਰੀਤ ਸਿੰਘ
_c2016
300 _a103ਪ੍ਰ0
_ccm.
650 _a ਪੰਜਾਾਬੀ ਸਾਹਿਤ
_9156350
650 _aਸ਼ਚਅਹ਼ਲਜ
_9159019
942 _hO153:g, Q6
_cTEXL
_2CC
999 _c296226
_d296226